skbl

Dr Suryya Kumar Bhuyan Library Web-OPAC
ডঃ সূৰ্য্য
কুমাৰ ভূঞা পুথিভঁৰাল ৱেব-অ'পেক

All Research Scholars are advised to clear the annual library fees to continue using Library Resources, Remote Access, Plagiarism Test and Library Clearance.

Cotton University Book Fair 2026

Samakalin Bharatbarsa O Subhas Chandra Vol. 3 / (Record no. 30350)

MARC details
000 -LEADER
fixed length control field 00710nam a2200277Ia 4500
001 - CONTROL NUMBER
control field 30368
005 - DATE AND TIME OF LATEST TRANSACTION
control field 20240114001443.0
007 - PHYSICAL DESCRIPTION FIXED FIELD--GENERAL INFORMATION
fixed length control field ta
008 - FIXED-LENGTH DATA ELEMENTS--GENERAL INFORMATION
fixed length control field 060719s1997 g b000 u 346 u
040 ## - CATALOGING SOURCE
Original cataloging agency Cotton College Assam
041 ## - LANGUAGE CODE
Language code of text/sound track or separate title 346
082 ## - DEWEY DECIMAL CLASSIFICATION NUMBER
Classification number 891.444
Item number Be 39 Sa
100 ## - MAIN ENTRY--PERSONAL NAME
Personal name Bedouin, .
245 #0 - TITLE STATEMENT
Title Samakalin Bharatbarsa O Subhas Chandra Vol. 3 /
Statement of responsibility, etc. Bedouin.
Medium Textual Documents
250 ## - EDITION STATEMENT
Edition statement 1st ed. /
260 ## - PUBLICATION, DISTRIBUTION, ETC.
Place of publication, distribution, etc. Calcutta :
Name of publisher, distributor, etc. Nath Brothers ,
Date of publication, distribution, etc. 1997.
300 ## - PHYSICAL DESCRIPTION
Extent 191p. ;
Dimensions 22cm.
653 ## - INDEX TERM--UNCONTROLLED
Uncontrolled term Bengali Essays
653 ## - INDEX TERM--UNCONTROLLED
Uncontrolled term G-Bengali
653 ## - INDEX TERM--UNCONTROLLED
Uncontrolled term PG-Bengali
942 ## - ADDED ENTRY ELEMENTS (KOHA)
Source of classification or shelving scheme Dewey Decimal Classification
Koha item type Books
Holdings
Withdrawn status Lost status Damaged status Not for loan Collection Home library Current library Date acquired Coded location qualifier Total checkouts Full call number Barcode Date last seen Copy number Price effective from Koha item type
          Dr. Suryya Kumar Bhuyan Library Dr. Suryya Kumar Bhuyan Library 01/02/2012 00000   891.444 Be 39 Sa 769/Beng 14/01/2024 2 01/02/2012 Books
          Dr. Suryya Kumar Bhuyan Library Dr. Suryya Kumar Bhuyan Library 01/02/2012 00000   891.444 Be 39 Sa 1116/Beng 14/01/2024 1 01/02/2012 Books
          Dr. Suryya Kumar Bhuyan Library Dr. Suryya Kumar Bhuyan Library 01/02/2012 00000   891.444 Be 39 Sa 768/Beng 14/01/2024 3 01/02/2012 Books

Designed and Maintained by Team SKBL
©1901-2026

Powered by Koha